00572 2200217 4500001002100000005001500021035002000036007000300056008004100059020002200100100002200122245004600144260003400190300003100224082001100255084001700266250000600283650001300289650001700302990003500319INLIS00000000000766420260603094554 a0010-0326000032ta260603 0 ind  a978-979-084-214-41 aVerschueren, Eric1 aEnsiklopedia Olahraga /cEric Verschueren aSolo :bTiga Serangkai,c2010 a60 hlm :bilus. ;c29,5 cm a796.03 a796.03 Ver e a- 4aOlahraga 4aEnsiklopedia ac.1/67/Polbangtan Yoma/ha/2026